Catalog

Record Details

Catalog Search



The color of death  Cover Image Book Book

The color of death / Elizabeth Lowell.

Record details

  • ISBN: 0060504137
  • ISBN: 0060504145 (pbk.)
  • Physical Description: 389 pages ; 24 cm.
  • Edition: 1st edition
  • Publisher: New York : Morrow, c2004.
Subject: Women detectives > Fiction.
Gem cutting industry > Fiction.
Brothers > Death > Fiction.
Jewelry trade > Fiction.
Genre: Mystery fiction.

Available copies

  • 1 of 1 copy available at scottsboropl.

Holds

  • 0 current holds with 1 total copy.
Show Only Available Copies
Location Call Number / Copy Notes Barcode Shelving Location Status Due Date
scottsboropl F Low 32269000707433 Adult - Fiction Available -

LDR 00920cam a2200301 a 4500
001117382
003CONS
00520140703073256.0
008031223s2004 nyu 000 1 eng
010 . ‡a 2003071003
020 . ‡a0060504137
020 . ‡a0060504145 (pbk.)
035 . ‡a(CPomAG)LMN314121
05000. ‡aPS3562.O8847 ‡bC65 2004
08200. ‡a813/.54 ‡222
1001 . ‡aLowell, Elizabeth, ‡d1944-
24514. ‡aThe color of death / ‡c Elizabeth Lowell.
250 . ‡a1st edition
260 . ‡aNew York : ‡bMorrow, ‡cc2004.
300 . ‡a389 pages ; ‡c24 cm.
650 0. ‡aWomen detectives ‡vFiction.
650 0. ‡aGem cutting industry ‡vFiction.
650 0. ‡aBrothers ‡xDeath ‡vFiction.
650 0. ‡aJewelry trade ‡vFiction.
655 7. ‡aMystery fiction. ‡2gsafd
914 . ‡dLMN_cm
959 . ‡i32269000707433 ‡lF Low ‡aAdult - Fiction ‡tFiction ‡g25.00
852 . ‡p32269000707433 ‡jF Low ‡gAdult - Fiction ‡cFiction ‡y25.00 ‡bSBPL
901 . ‡a117382 ‡bUnknown ‡c117382 ‡tbiblio

Additional Resources